|
|
|
|
| LEADER |
02774nam a22005775i 4500 |
| 001 |
978-3-642-33860-1 |
| 003 |
DE-He213 |
| 005 |
20151204172026.0 |
| 007 |
cr nn 008mamaa |
| 008 |
120928s2012 gw | s |||| 0|eng d |
| 020 |
|
|
|a 9783642338601
|9 978-3-642-33860-1
|
| 024 |
7 |
|
|a 10.1007/978-3-642-33860-1
|2 doi
|
| 040 |
|
|
|d GrThAP
|
| 050 |
|
4 |
|a QA76.9.A43
|
| 072 |
|
7 |
|a UMB
|2 bicssc
|
| 072 |
|
7 |
|a COM051300
|2 bisacsh
|
| 082 |
0 |
4 |
|a 005.1
|2 23
|
| 245 |
1 |
0 |
|a Theory and Practice of Natural Computing
|h [electronic resource] :
|b First International Conference, TPNC 2012, Tarragona, Spain, October 2-4, 2012. Proceedings /
|c edited by Adrian-Horia Dediu, Carlos Martín-Vide, Bianca Truthe.
|
| 264 |
|
1 |
|a Berlin, Heidelberg :
|b Springer Berlin Heidelberg :
|b Imprint: Springer,
|c 2012.
|
| 300 |
|
|
|a X, 227 p. 76 illus.
|b online resource.
|
| 336 |
|
|
|a text
|b txt
|2 rdacontent
|
| 337 |
|
|
|a computer
|b c
|2 rdamedia
|
| 338 |
|
|
|a online resource
|b cr
|2 rdacarrier
|
| 347 |
|
|
|a text file
|b PDF
|2 rda
|
| 490 |
1 |
|
|a Lecture Notes in Computer Science,
|x 0302-9743 ;
|v 7505
|
| 505 |
0 |
|
|a Nature-inspired models of computation -- synthesizing nature by means of computation -- nature-inspired materials; information processing in nature.
|
| 520 |
|
|
|a This book constitutes the refereed proceedings of the First International Conference, TPNC 2012, held in Tarragona, Spain, in October 2012. The 12 revised full papers presented together with 6 invited talks were carefully reviewed and selected from 34 submissions. The papers are organized in topical sections on nature-inspired models of computation; synthesizing nature by means of computation; nature-inspired materials; and information processing in nature.
|
| 650 |
|
0 |
|a Computer science.
|
| 650 |
|
0 |
|a Computer communication systems.
|
| 650 |
|
0 |
|a Software engineering.
|
| 650 |
|
0 |
|a Computers.
|
| 650 |
|
0 |
|a Algorithms.
|
| 650 |
|
0 |
|a Artificial intelligence.
|
| 650 |
1 |
4 |
|a Computer Science.
|
| 650 |
2 |
4 |
|a Algorithm Analysis and Problem Complexity.
|
| 650 |
2 |
4 |
|a Artificial Intelligence (incl. Robotics).
|
| 650 |
2 |
4 |
|a Computation by Abstract Devices.
|
| 650 |
2 |
4 |
|a Computer Communication Networks.
|
| 650 |
2 |
4 |
|a Information Systems Applications (incl. Internet).
|
| 650 |
2 |
4 |
|a Software Engineering.
|
| 700 |
1 |
|
|a Dediu, Adrian-Horia.
|e editor.
|
| 700 |
1 |
|
|a Martín-Vide, Carlos.
|e editor.
|
| 700 |
1 |
|
|a Truthe, Bianca.
|e editor.
|
| 710 |
2 |
|
|a SpringerLink (Online service)
|
| 773 |
0 |
|
|t Springer eBooks
|
| 776 |
0 |
8 |
|i Printed edition:
|z 9783642338595
|
| 830 |
|
0 |
|a Lecture Notes in Computer Science,
|x 0302-9743 ;
|v 7505
|
| 856 |
4 |
0 |
|u http://dx.doi.org/10.1007/978-3-642-33860-1
|z Full Text via HEAL-Link
|
| 912 |
|
|
|a ZDB-2-SCS
|
| 912 |
|
|
|a ZDB-2-LNC
|
| 950 |
|
|
|a Computer Science (Springer-11645)
|